Statistics for Roblox Bedwars Purchasable Items

Click here to take the quiz!

General Stats

  • This quiz has been taken 147 times
    (83 since last reset)
  • The average score is 16 of 21

Answer Stats

Item% Correct
Wool
96%
Wood Planks
92%
Diamond Sword
88%
Fireball
88%
Emerald Sword
86%
Iron Sword
86%
Stone Sword
84%
Blastproof Ceramic
82%
Bow
82%
Arrow
80%
Obsidian
80%
Armor
78%
Stone Bricks
78%
Telepearl
78%
Axe
72%
Crossbow
72%
Pickaxe
72%
TNT
66%
Tesla Coil Trap
58%
Shears
54%
Gloop
40%

Score Distribution

Percentile by Number Answered

Percent of People with Each Score

Your Score History

You have not taken this quiz since the last reset